Andrés González-Blanco (Record no. 99653)

MARC details
000 -LEADER
campo de control de longitud fija 00599nam a2200181 i 4500
001 - NÚMERO DE CONTROL
campo de control 99653
003 - IDENTIFICADOR DE NÚMERO DE CONTROL
campo de control ES-MaACL
005 - FECHA Y HORA DE LA ÚLTIMA TRANSACCIÓN
campo de control 20230906182531.0
007 - CAMPO FIJO DE DESCRIPCIÓN FÍSICA--INFORMACIÓN GENERAL
campo de control de longitud fija t|
008 - DATOS DE LONGITUD FIJA--INFORMACIÓN GENERAL
campo de control de longitud fija 050914s1963 sp ||||1| spa d
100 1# - ENTRADA PRINCIPAL--NOMBRE DE PERSONA
Nombre de persona Martínez Cachero, José María.
9 (RLIN) 77905
245 10 - MENCIÓN DEL TÍTULO
Título Andrés González-Blanco
Resto del título : una vida para la literatura /
Mención de responsabilidad, etc. José María Martínez Cachero.
260 ## - PUBLICACIÓN, DISTRIBUCIÓN, ETC.
Lugar de publicación, distribución, etc. Oviedo :
Nombre del editor, distribuidor, etc. [s.n.],
Fecha de publicación, distribución, etc. 1963 (
Fabricante Gráf. Summa)
300 ## - DESCRIPCIÓN FÍSICA
Extensión 192 p., 5 lám. ;
Dimensiones 20 cm.
600 14 - PUNTO DE ACCESO ADICIONAL DE MATERIA--NOMBRE DE PERSONA
Nombre de persona González-Blanco, Andrés,
Fechas asociadas al nombre 1886-1924
9 (RLIN) 58459
852 ## - LOCALIZACIÓN
Ubicación ES-MaACL
Número de control de estantería C-24662
Sublocalización o colección R.53483
Holdings
Estatus retirado Estado de pérdida Estado de daño No para préstamo Biblioteca de origen Biblioteca actual Ubicación en estantería Fecha de adquisición Fuente de adquisición Total de préstamos Signatura topográfica completa Código de barras Visto por última vez Precio de reemplazo Tipo de ítem Koha
        Biblioteca del Ateneo de Madrid Biblioteca del Ateneo de Madrid Depósito 2 17/01/2008     C-24662 1104057 23/02/2023 23/02/2023 Libro impreso